Microstates Quiz - Statistics

General Stats
  • This quiz has been taken 27 times
  • The average score is 10 of 15
Answer Stats
Hint Answer % Correct
Smallest Country Vatican City
96%
Has been a country since 301 A.D. San Marino
88%
Principality in the Pyrenees Andorra
83%
Monte Carlo Monaco
83%
Second smallest country in Oceania Tuvalu
83%
Capital is Valletta Malta
79%
Sent 80 men to war returned with 81 Liechtenstein
75%
Smallest country in Oceania Nauru
75%
In Spanish it’s San Cristóbal y Nieves St. Kitts and Nevis
75%
Lee Kuan Yew Singapore
71%
In all 4 hemispheres Kiribati
63%
Known for the Dodo Mauritius
58%
U.S. and Jamaican invasion in 1983 Grenada
54%
Famous for purple on flag Dominica
50%
Islands in the Gulf of Guinea Sao Tome y Principe
13%
No matching quizzes found
Score Distribution
Percent of People with Each Score
Percentile by Number Answered
Your Score History
You have not taken this quiz